000 01341nam a22002895a 4500
003 EG-ScBUE
005 20221117075024.0
008 161122s2009 ua f b 000 0 ara d
020 _a9789770459760
040 _aEG-ScBUE
_bara
_erda
_cEG-ScBUE
_dEG-ScBUE
082 0 4 _a345.02323
_bس ل ط
_222
100 1 _aسلطان، خالد رمضان عبد العال،
_eمؤلف.
245 1 0 _aجرائم الرشوة في عقود التجارة الدولية :
_bدراسة مقارنة /
_cدكتور خالد رمضان عبد العال سلطان، قسم القانون الجنائي، كلية الحقوق، جامعة حلوان.
250 _aالطبعة الأولى.
264 1 _aالقاهرة :
_bدار النهضة العربية،
_c2009.
300 _a374 صفحة ؛
_c24 سم
504 _aيشتمل على إرجاعات ببليوجرافية.
541 _aBook from store.
650 7 _aجرائم الرشوة (قانون دولي)
_2BUEsh
650 7 _aجرائم الرشوة
_xقوانين وتشريعات
_zمصر.
_2BUEsh
650 7 _aجرائم الرشوة
_xقوانين وتشريعات
_zالبلاد العربية.
_2BUEsh
650 7 _aالعقود التجارية (قانون دولي)
_2BUEsh
651 _2BUEsh
653 _bLLAAWW
_cNovember2016
655 _vReading book
942 _2ddc
999 _c23240
_d23212